Top 20 countries by GDP per capita in 1950 - Statistics

General Stats
  • This quiz has been taken 169 times
  • The average score is 16 of 20
Answer Stats
GDP per capita Countries % Correct
$9,573.00 United States
99%
$5,221.00 France
94%
$4,969.00 Norway
91%
$8,939.00 Switzerland
90%
$7,047.00 Canada
89%
$6,738.00 Sweden
89%
$7,218.00 Australia
88%
$5,346.00 Belgium
87%
$4,281.00 Germany
87%
$5,850.00 Netherlands
87%
$3,425.00 Italy
86%
$4,131.00 Finland
84%
$3,731.00 Austria
81%
$6,683.00 Denmark
80%
$8,495.00 New Zealand
79%
$3,518.00 Ireland
78%
$4,987.00 Argentina
60%
$3,827.00 Chile
52%
$2,480.00 Hungary
38%
$7,424.00 Venezuela
35%
No matching quizzes found
Score Distribution
Percent of People with Each Score
Percentile by Number Answered
Your Score History
You have not taken this quiz